[Event "?"]
[Site "?"]
[Date "2011.06.04"]
[Round "7.10"]
[White "Kvetny, Mark"]
[Black "Häcker, Alexander"]
[Result "1-0"]
[WhiteElo "2071"]
[BlackElo "2249"]
[PlyCount "117"]
[EventDate "2011.??.??"]
[WhiteTeam "SV Altbach e.V."]
[BlackTeam "SV Stuttgart-Wolfbusch 1956 e.V."]

1. d4 d5 2. c4 c6 3. Nc3 e6 4. cxd5 exd5 5. Bf4 Bf5 6. e3 Nf6 7. Nge2 Nbd7 8.
Ng3 Bg6 9. h4 h5 10. Be2 Qb6 11. Qd2 Be7 12. Bd3 Bxd3 13. Qxd3 g6 14. O-O-O
O-O-O 15. Kb1 Rhe8 16. Rhe1 Nf8 17. f3 Ne6 18. Be5 Nd7 19. Nxd5 cxd5 20. Rc1+
Nec5 21. dxc5 Qc6 22. Bd6 Bxh4 23. Red1 Ne5 24. Bxe5 Rxe5 25. Ne2 Qa6 26. Qd2
Re7 27. Nd4 Rc7 28. Rc3 Qa5 29. c6 b6 30. Qd3 Bf6 31. Ra3 Qb4 32. Qa6+ Kb8 33.
Ra4 Qe7 34. Nb5 Rxc6 35. Nxa7 Re6 36. Rc1 Qb7 37. Qb5 Rdd6 38. Rc8+ Qxc8 39.
Nxc8 Kxc8 40. Ra8+ Kc7 41. Qa6 Rc6 42. Ra7+ Kd6 43. Qa3+ Ke5 44. Rxf7 Rc5 45.
Qd3 g5 46. a3 Rc4 47. Rd7 Rd6 48. Rxd6 Kxd6 49. Qg6 Ke7 50. Qxh5 Rh4 51. Qg6
Rh1+ 52. Ka2 Rc1 53. Qd3 Ke6 54. g4 Re1 55. Qf5+ Ke7 56. Qxd5 Rxe3 57. Qb7+ Kf8
58. Qxb6 Rxf3 59. Qb8+ 1-0

[Event "?"]
[Site "?"]
[Date "2011.06.04"]
[Round "7.11"]
[White "Dudek, Richard"]
[Black "Braun, Georg"]
[Result "1-0"]
[WhiteElo "2238"]
[BlackElo "2121"]
[PlyCount "61"]
[EventDate "2011.??.??"]
[WhiteTeam "SC Eppingen"]
[BlackTeam "SK Bebenhausen 1992"]

1. e4 c5 2. Nc3 Nc6 3. g3 g6 4. Bg2 Bg7 5. d3 d6 6. Be3 h5 7. h3 e5 8. Qd2 Nge7
9. f4 h4 10. g4 exf4 11. Bxf4 Nd4 12. Nd5 Ne6 13. Be3 Bxb2 14. Rb1 Bg7 15. Nf3
Nxd5 16. exd5 Nc7 17. c4 O-O 18. O-O b6 19. Bf2 Qd7 20. Bxh4 Ba6 21. Rbe1 Rae8
22. Rxe8 Rxe8 23. Ng5 Rf8 24. Ne4 f5 25. gxf5 Rxf5 26. Rxf5 gxf5 27. Nf6+ Bxf6
28. Bxf6 Qh7 29. Qg5+ Kf8 30. Bf3 Qg8 31. Be7+ 1-0

[Event "?"]
[Site "?"]
[Date "2011.06.04"]
[Round "7.12"]
[White "Färber, Eric"]
[Black "Vaysberg, Alexander"]
[Result "0-1"]
[WhiteElo "2030"]
[BlackElo "2203"]
[PlyCount "108"]
[EventDate "2011.??.??"]
[WhiteTeam "SC Leinfelden"]
[BlackTeam "SC Gross-Sachsenheim"]

1. e4 Nc6 2. d4 e5 3. d5 Nce7 4. Nf3 Ng6 5. Bd3 Nf6 6. c4 Bb4+ 7. Nc3 Bxc3+ 8.
bxc3 d6 9. O-O O-O 10. h3 Nh5 11. Nd4 Nhf4 12. Ne2 Nxd3 13. Qxd3 f5 14. exf5
Bxf5 15. Qd1 Qh4 16. f4 Bxh3 17. gxh3 Qxh3 18. Kf2 Qh4+ 19. Kf3 exf4 20. Rh1
Ne5+ 21. Ke4 Qe7 22. Nxf4 Rxf4+ 23. Bxf4 Ng6+ 24. Kd3 Nxf4+ 25. Kc2 Qe4+ 26.
Kb3 a5 27. Qd4 Qxd4 28. cxd4 Rf8 29. Rae1 h5 30. Ka4 g5 31. Kxa5 Rf7 32. Rb1
b6+ 33. Kb5 Kg7 34. Kc6 g4 35. Rbg1 Kg6 36. c5 dxc5 37. dxc5 bxc5 38. Kxc5 Rf5
39. Rd1 g3 40. a4 g2 41. Rhg1 h4 42. a5 h3 43. a6 Nxd5 44. Kc6 Nf4 45. a7 Ra5
46. Ra1 Rxa7 47. Rxa7 Ne2 48. Rxg2+ hxg2 49. Ra1 Kf5 50. Kxc7 Ke5 51. Kc6 Nd4+
52. Kb6 Nf3 53. Kc5 Ke4 54. Kc4 Nd2+ 0-1

[Event "?"]
[Site "?"]
[Date "2011.06.04"]
[Round "7.13"]
[White "Zikeli, Saskia"]
[Black "Schuh, Karsten"]
[Result "0-1"]
[WhiteElo "2093"]
[BlackElo "2249"]
[PlyCount "74"]
[EventDate "2011.??.??"]
[WhiteTeam "SC Ingersheim e.V."]
[BlackTeam "SC Böblingen 1975 e.V."]

1. c4 f5 2. Nc3 Nf6 3. g3 g6 4. Bg2 Bg7 5. e3 d6 6. Nge2 O-O 7. O-O Nc6 8. Rb1
a5 9. a3 e5 10. d3 Be6 11. b4 axb4 12. axb4 d5 13. d4 exd4 14. Nf4 Bf7 15.
Ncxd5 dxe3 16. Bxe3 Ne4 17. Qc2 Re8 18. Rfd1 Qb8 19. b5 Ne5 20. b6 c6 21. Nc7
Nxc4 22. Bd4 Bxd4 23. Rxd4 Na3 24. Qb2 Nxb1 25. Rd7 Nec3 26. Rxf7 Re1+ 27. Bf1
Kxf7 28. Qb3+ Kf6 29. Qb4 Qd8 30. Nxa8 Re4 31. Qc5 Qe7 32. Qxe7+ Kxe7 33. Nd3
Nd5 34. Nc5 Rb4 35. Nxb7 Nxb6 36. Na5 Kd7 37. Bg2 Nd5 0-1

[Event "?"]
[Site "?"]
[Date "2011.06.04"]
[Round "7.14"]
[White "Aring, Gerd"]
[Black "Gustain, Marc"]
[Result "0-1"]
[WhiteElo "2205"]
[BlackElo "2101"]
[PlyCount "72"]
[EventDate "2011.??.??"]
[WhiteTeam "SV Nürtingen 1920"]
[BlackTeam "SF Deizisau"]

1. c4 c5 2. Nf3 Nc6 3. g3 g6 4. Bg2 Bg7 5. O-O e5 6. Nc3 Nge7 7. d3 O-O 8. a3
d6 9. Rb1 a5 10. Ne1 Be6 11. Nc2 d5 12. cxd5 Nxd5 13. Ne3 Nde7 14. Na4 b6 15.
Bd2 Rb8 16. b4 cxb4 17. axb4 b5 18. Nc5 a4 19. Nxe6 fxe6 20. h4 Qd6 21. Bc3 Nd5
22. Qd2 Nxc3 23. Qxc3 Nd4 24. Rfe1 Rbc8 25. Qa3 Rc7 26. Bh3 Rfc8 27. Qa2 h5 28.
Bg2 Bh6 29. Be4 Kg7 30. Rf1 Bxe3 31. fxe3 Rc2 32. Rb2 Rxb2 33. Qxb2 Rc2 34. Qb1
Nxe2+ 35. Kh2 Qc7 36. Rf2 Nd4 0-1

[Event "?"]
[Site "?"]
[Date "2011.06.04"]
[Round "7.15"]
[White "Dorst, Johannes"]
[Black "Andraschko, Felix"]
[Result "1-0"]
[WhiteElo "2162"]
[BlackElo "2071"]
[PlyCount "73"]
[EventDate "2011.??.??"]
[WhiteTeam "SK Marburg 1931/72"]
[BlackTeam "SC Leinfelden"]

1. e4 c5 2. Nc3 Nc6 3. Nf3 d6 4. d4 cxd4 5. Nxd4 Nf6 6. Bg5 Bd7 7. Bxf6 gxf6 8.
Qd2 h5 9. f4 Rc8 10. O-O-O Nxd4 11. Qxd4 Qa5 12. Kb1 Qc5 13. g3 Bg7 14. Qd3 a6
15. Bg2 b5 16. Rhe1 b4 17. Nd5 Bb5 18. Qd2 a5 19. Bh3 e6 20. Ne3 Bf8 21. Bf1
Bxf1 22. Rxf1 Be7 23. Qd3 Rc6 24. Rfe1 Kd7 25. Qb3 Rhc8 26. Rd2 Rb6 27. Red1
Qb5 28. Ng2 a4 29. Qf3 Rbc6 30. f5 a3 31. Qxh5 Qe5 32. fxe6+ fxe6 33. Qxe5 fxe5
34. b3 Bg5 35. Re2 Rc3 36. Ne1 Be3 37. Nd3 1-0

[Event "?"]
[Site "?"]
[Date "2011.06.04"]
[Round "7.16"]
[White "Haag, Ulrich"]
[Black "Imhof, Thomas"]
[Result "1-0"]
[WhiteElo "2155"]
[BlackElo "2082"]
[PlyCount "107"]
[EventDate "2011.??.??"]
[WhiteTeam "SV Backnang"]
[BlackTeam "SGem Vaihingen-Rohr"]

1. d4 Nf6 2. c4 e6 3. Nf3 b6 4. g3 Ba6 5. Qa4 c5 6. Bg2 Bb7 7. dxc5 bxc5 8. O-O
Be7 9. Nc3 O-O 10. Rd1 Qb6 11. Qb3 Nc6 12. Bg5 Rad8 13. Na4 Qc7 14. Nc3 Rfe8
15. Nb5 Qb8 16. a3 d6 17. Rab1 h6 18. Bf4 e5 19. Bc1 Nd4 20. Nbxd4 Be4 {[%emt
0:00:00]} 21. Qa4 exd4 22. Ra1 Qb7 23. Ne1 Bxg2 24. Nxg2 Bf8 25. Qc2 Ng4 26.
Nf4 Nf6 27. e3 g5 28. Nd5 Nxd5 29. cxd5 Qxd5 30. exd4 cxd4 31. Be3 Bg7 32. Qa4
Qf3 33. Bxd4 Re2 34. Qxa7 Rd7 35. Qb8+ Kh7 36. Qb4 Rb7 37. Qc3 Qf5 38. Rd2 Rbe7
39. Rf1 Bxd4 40. Qxd4 R2e6 41. b4 Re1 42. Qd3 Rxf1+ 43. Kxf1 Re4 44. f3 d5 45.
Kg2 Re5 46. Qxf5+ Rxf5 47. b5 d4 48. a4 Rd5 49. b6 Rd7 50. a5 Rd6 51. b7 Rd8
52. a6 Rb8 53. a7 Rxb7 54. a8=Q 1-0

[Event "?"]
[Site "?"]
[Date "2011.06.04"]
[Round "7.16"]
[White "Haag, Ulrich"]
[Black "Imhof, Thomas"]
[Result "1-0"]
[WhiteElo "2155"]
[BlackElo "2082"]
[PlyCount "41"]
[EventDate "2011.??.??"]
[WhiteTeam "SV Backnang"]
[BlackTeam "SGem Vaihingen-Rohr"]

1. d4 Nf6 2. c4 e6 3. Nf3 b6 4. g3 Ba6 5. Qa4 c5 6. Bg2 Bb7 7. dxc5 bxc5 8. O-O
Be7 9. Nc3 O-O 10. Rd1 Qb6 11. Qc2 Nc6 12. Bg5 Rad8 13. Na4 Qc7 14. Nc3 Rfe8
15. Nb5 Qb8 16. a3 d6 17. Rab1 h6 18. Bf4 e5 19. Bc1 Nd4 20. Nbxd4 cxd4 21. Qa4
1-0

[Event "?"]
[Site "?"]
[Date "2011.06.04"]
[Round "7.17"]
[White "Scheeff, Volker"]
[Black "Keller, Harald"]
[Result "1/2-1/2"]
[WhiteElo "2149"]
[BlackElo "2071"]
[PlyCount "40"]
[EventDate "2011.??.??"]
[WhiteTeam "SK Schmiden/Cannstatt"]
[BlackTeam "SV Rottweil"]

1. e4 Nf6 2. e5 Nd5 3. d4 d6 4. Nf3 g6 5. Bc4 Nb6 6. Bb3 d5 7. h3 Bg7 8. O-O
O-O 9. Qe2 Na6 10. Be3 c6 11. Nbd2 Nc7 12. c3 Ne6 13. Nh4 f5 14. exf6 exf6 15.
f4 f5 16. Nhf3 Nd7 17. c4 Nf6 18. Ne5 a5 19. a3 a4 20. Ba2 Qb6 1/2-1/2

[Event "?"]
[Site "?"]
[Date "2011.06.04"]
[Round "7.18"]
[White "Schulte, Torsten"]
[Black "Pfeifer, Wilfried"]
[Result "1/2-1/2"]
[WhiteElo "2146"]
[BlackElo "2040"]
[PlyCount "32"]
[EventDate "2011.??.??"]
[WhiteTeam "SC Eppingen"]
[BlackTeam "TSF Ditzingen"]

1. d4 f5 2. g3 Nf6 3. Bg2 e6 4. Nf3 Be7 5. O-O O-O 6. c4 d6 7. Nc3 a5 8. Qc2
Nc6 9. Rd1 Nb4 10. Qb1 Bd7 11. a3 Na6 12. e4 fxe4 13. Nxe4 Qe8 14. Nfg5 Qh5 15.
Nxf6+ gxf6 16. Nf3 e5 1/2-1/2

[Event "?"]
[Site "?"]
[Date "2011.06.04"]
[Round "7.19"]
[White "Demel, Paul"]
[Black "Probst, Alexander"]
[Result "1-0"]
[WhiteElo "2140"]
[BlackElo "1971"]
[Annotator "Rolf,Deiner"]
[PlyCount "103"]
[EventDate "2011.??.??"]
[WhiteTeam "SK Kriegshaber"]
[BlackTeam "SC Blau.Turm Bad Wimpfen"]

1. e4 {[%emt 0:00:00]} e5 2. Nf3 Nf6 3. Nc3 Nc6 4. d4 exd4 5. Nxd4 Bb4 6. Nxc6
bxc6 7. Bd3 d5 8. exd5 cxd5 9. O-O O-O 10. Bg5 c6 11. Na4 Re8 12. b3 Be6 13.
Qc1 Be7 14. c4 Ne4 15. Bxe7 Qxe7 16. Bxe4 dxe4 17. Re1 Qh4 18. Qe3 Bf5 19. Qc5
Qg5 20. Re3 Qf6 21. Rae1 Re5 22. Qb4 Rae8 23. Nc3 Qd8 24. Qa4 Qb6 25. b4 Bg6
26. Rd1 a5 27. a3 axb4 28. axb4 f5 29. g3 Qc7 30. c5 R5e6 31. Ne2 Bh5 32. Qb3
Kh8 33. Ra1 Bxe2 34. Rxe2 Qe5 35. Rea2 h6 36. Ra8 Kh7 37. Qe3 g5 38. R1a7+ R8e7
39. Rxe7+ Rxe7 40. Qb3 Qe6 41. Qxe6 Rxe6 42. Ra6 f4 43. gxf4 gxf4 44. b5 f3 45.
Rxc6 Re5 46. h4 Rd5 47. b6 Rd1+ 48. Kh2 e3 49. fxe3 f2 50. Rf6 f1=Q 51. Rxf1
Rxf1 52. b7 1-0

[Event "?"]
[Site "?"]
[Date "2011.06.04"]
[Round "7.20"]
[White "Bräuner, Uwe"]
[Black "Jehle, Anja"]
[Result "1-0"]
[WhiteElo "2122"]
[BlackElo "1934"]
[PlyCount "62"]
[EventDate "2011.??.??"]
[WhiteTeam "Erfurter SK"]
[BlackTeam "SC Ingersheim e.V."]

1. d4 Nf6 2. Nf3 g6 3. Bg5 Bg7 4. Nbd2 d5 5. e3 Bf5 6. Be2 c6 7. O-O O-O 8. c3
h6 9. Bh4 Nbd7 10. a4 c5 11. a5 b6 12. a6 g5 13. Bg3 Nh5 14. Ne5 Nxg3 15. fxg3
e6 16. Nc6 Qe8 17. Bb5 f6 18. Qa4 Qf7 19. Rae1 Be4 20. Nxe4 dxe4 21. d5 exd5
22. Rf5 Kh8 23. Rd1 d4 24. cxd4 cxd4 25. Qxd4 Ne5 26. Qxe4 Qb3 27. Ba4 Qxb2 28.
Rxe5 fxe5 29. Bc2 Kg8 30. Qh7+ Kf7 31. Qg6+ Kg8 1-0

[Event "?"]
[Site "?"]
[Date "2011.06.04"]
[Round "7.21"]
[White "Gibicar, Danijel"]
[Black "Keough, Robert"]
[Result "1/2-1/2"]
[WhiteElo "2037"]
[BlackElo "2106"]
[PlyCount "113"]
[EventDate "2011.??.??"]
[WhiteTeam "SK Bebenhausen 1992"]
[BlackTeam "SGem Vaihingen-Rohr"]

1. d4 Nf6 2. c4 g6 3. Nc3 Bg7 4. e4 d6 5. f3 O-O 6. Be3 c5 7. Nge2 cxd4 8. Nxd4
Nc6 9. Be2 Nxd4 10. Bxd4 Be6 11. O-O Rc8 12. b3 a6 13. Qd2 Qc7 14. Rac1 Nd7 15.
Rfd1 Bxd4+ 16. Qxd4 Qc5 17. Qxc5 dxc5 18. f4 Nb8 19. Nd5 Nc6 20. Nb6 Rcd8 21.
Na4 Nd4 22. Bf1 Rc8 23. Nxc5 Rxc5 24. Rxd4 b5 25. Rcd1 bxc4 26. Bxc4 Bxc4 27.
Rxc4 Rxc4 28. bxc4 Rb8 29. Rd2 Rb1+ 30. Kf2 Rc1 31. Rd8+ Kg7 32. Rd7 Rxc4 33.
Ke3 Ra4 34. Rd2 h6 35. Kf3 h5 36. Ke3 h4 37. Kf3 f6 38. Re2 g5 39. g3 hxg3 40.
hxg3 Kg6 41. f5+ Kf7 42. Rc2 a5 43. Re2 Ra3+ 44. Kg4 a4 45. Rb2 Ke8 46. Rb8+
Kd7 47. Rb7+ Kd6 48. Rb6+ Kc5 49. Re6 Rxa2 50. e5 fxe5 51. Rxe5+ Kd6 52. Re6+
Kd7 53. Re3 Rb2 54. Ra3 Rb4+ 55. Kxg5 Kd6 56. Re3 Rb3 57. Re4 1/2-1/2

[Event "?"]
[Site "?"]
[Date "2011.06.04"]
[Round "7.22"]
[White "Szenetra, Werner"]
[Black "Lebeda, Timo"]
[Result "1-0"]
[WhiteElo "2187"]
[BlackElo "2013"]
[PlyCount "61"]
[EventDate "2011.??.??"]
[WhiteTeam "SC Rastatt"]
[BlackTeam "SAbt VFB Reichenbach"]

1. Nf3 Nf6 2. g3 d5 3. Bg2 g6 4. O-O Bg7 5. d3 O-O 6. Nbd2 b6 7. e4 dxe4 8. Ng5
Bb7 9. Ngxe4 Qc8 10. f4 Nbd7 11. Nxf6+ Nxf6 12. Ne4 c5 13. Qe2 Ng4 14. h3 Nh6
15. c3 Qd7 16. Nf2 Bxg2 17. Kxg2 Rad8 18. Bd2 Nf5 19. g4 Nd6 20. Be3 e5 21.
fxe5 Bxe5 22. Bh6 Rfe8 23. Qf3 Re6 24. Rae1 Rde8 25. Rxe5 Nf5 26. gxf5 Rxe5 27.
fxg6 Rf5 28. gxf7+ Qxf7 29. Qd1 Re3 30. Bxe3 Qd5+ 31. Ne4 1-0

[Event "?"]
[Site "?"]
[Date "2011.06.04"]
[Round "7.24"]
[White "Pelezki, Eugen"]
[Black "Prestel, Oliver"]
[Result "0-1"]
[WhiteElo "2016"]
[BlackElo "2140"]
[PlyCount "84"]
[EventDate "2011.??.??"]
[WhiteTeam "SV 1947 Wendlingen"]
[BlackTeam "SV Marbach"]

1. c4 e5 2. Nc3 Nf6 3. g3 d5 4. cxd5 Nxd5 5. Qb3 Nb6 6. Bg2 Nc6 7. Nf3 Be6 8.
Qc2 Be7 9. O-O O-O 10. a3 f5 11. d3 Bf6 12. Bd2 Qe7 13. e3 Rad8 14. Rfe1 g5 15.
h3 Qd7 16. d4 g4 17. hxg4 fxg4 18. Nh2 exd4 19. Ne4 d3 20. Nxf6+ Rxf6 21. Qc3
Rdf8 22. Bxc6 bxc6 23. f4 gxf3 24. Kf2 Nc4 25. Rad1 Qd6 26. Rg1 Rh6 27. Rh1 Ne5
28. Be1 Rxh2+ 29. Rxh2 Ng4+ 30. Kg1 Nxh2 31. Rxd3 f2+ 32. Bxf2 Nf3+ 33. Kf1 Qe5
34. Ke2 Bg4 35. Qc4+ Be6 36. Qc3 Qb5 37. Kd1 Bc4 38. Rd7 Bb3+ 39. Kc1 Qf1+ 40.
Be1 Qxe1+ 41. Qxe1 Nxe1 42. Kd2 Nf3+ 0-1

[Event "?"]
[Site "?"]
[Date "2011.06.04"]
[Round "7.26"]
[White "Fahnenschmidt, Gerhard"]
[Black "Jüttner, Andreas"]
[Result "1-0"]
[WhiteElo "2014"]
[BlackElo "2096"]
[PlyCount "74"]
[EventDate "2011.??.??"]
[WhiteTeam "VfL Sindelfingen"]
[BlackTeam "FC Bayern München e.V."]

1. c4 c6 2. e4 d5 3. exd5 cxd5 4. d4 Nf6 5. Nc3 e6 6. Nf3 Bb4 7. a3 Bxc3+ 8.
bxc3 O-O 9. Bg5 Qa5 10. Bd2 Qc7 11. cxd5 exd5 12. Bd3 Re8+ 13. Be2 Bf5 14. O-O
h6 15. Rc1 Nc6 16. c4 Be4 17. cxd5 Bxd5 18. Ne5 Qd6 19. Nc4 Qe6 20. Bd3 Nxd4
21. Re1 Qd7 22. Ne5 Qd8 23. Re3 Nb3 24. Bc3 Nxc1 25. Qxc1 Rc8 26. Qb2 Qb6 27.
Qd2 Qc5 28. Rg3 Nh5 29. Qxh6 Rxe5 30. Qh7+ Kf8 31. Bxe5 Qc1+ 32. Bf1 Nxg3 33.
Qxg7+ Ke8 34. Bxg3 Bc4 35. Qg8+ Kd7 36. Qg4+ Be6 37. Qa4+ Ke7 1-0

[Event "?"]
[Site "?"]
[Date "2011.06.04"]
[Round "7.27"]
[White "Kreiter, Thomas"]
[Black "Osmanovic, Faruk"]
[Result "1/2-1/2"]
[WhiteElo "1962"]
[BlackElo "2093"]
[PlyCount "43"]
[EventDate "2011.??.??"]
[WhiteTeam "SC Tamm 74"]
[BlackTeam "SC Blau.Turm Bad Wimpfen"]

1. d4 Nf6 2. Nf3 e6 3. Nbd2 d5 4. e3 Bd6 5. Bd3 Nbd7 6. h3 O-O 7. O-O e5 8.
dxe5 Nxe5 9. Nxe5 Bxe5 10. Nf3 Bd6 11. b3 Be6 12. Bb2 Nd7 13. e4 c6 14. Re1 Nc5
15. exd5 Bxd5 16. Kh1 Kh8 17. c4 Bxf3 18. Qxf3 Nxd3 19. Qxd3 Bb4 20. Re3 Bc5
21. Qc3 f6 22. Re2 1/2-1/2

[Event "?"]
[Site "?"]
[Date "2011.06.04"]
[Round "7.28"]
[White "Schmidt, Markus"]
[Black "Marquardt, Patrick"]
[Result "0-1"]
[WhiteElo "1816"]
[BlackElo "2031"]
[PlyCount "62"]
[EventDate "2011.??.??"]
[WhiteTeam "Stuttgarter SF 1879"]
[BlackTeam "SG Donautal Tuttlingen"]

1. d4 d5 2. Nf3 e6 3. c4 c5 4. e3 Nf6 5. Nc3 Nc6 6. Be2 Be7 7. O-O O-O 8. b3 b6
9. Bb2 Bb7 10. cxd5 exd5 11. dxc5 bxc5 12. Na4 Ne4 13. Rc1 Rc8 14. Nd2 Nb4 15.
a3 Na6 16. f3 Ng5 17. Nb1 Ne6 18. Nbc3 d4 19. exd4 Bg5 20. Rb1 cxd4 21. Nb5
Be3+ 22. Kh1 Qh4 23. Qe1 Qe7 24. Bc4 Rfd8 25. Nxa7 Bxf3 26. Nxc8 Bxg2+ 27. Kxg2
Qb7+ 28. Rf3 Nf4+ 29. Kg3 Nh5+ 30. Kg4 Qe4+ 31. Kxh5 g6# 0-1

[Event "?"]
[Site "?"]
[Date "2011.06.04"]
[Round "7.29"]
[White "Baskin, Robert"]
[Black "Braun, Rüdiger-Thomas"]
[Result "1-0"]
[WhiteElo "1940"]
[BlackElo "2030"]
[PlyCount "63"]
[EventDate "2011.??.??"]
[WhiteTeam "SAbt TuS Makkabi Ffm"]
[BlackTeam "SF Birkenfeld"]

1. e4 c5 2. Nf3 d6 3. d4 cxd4 4. Nxd4 Nf6 5. Nc3 a6 6. a4 e5 7. Nf3 Be7 8. Bc4
Qc7 9. Qe2 Bg4 10. Nd5 Nxd5 11. Bxd5 Nd7 12. a5 Rc8 13. c3 O-O 14. O-O Kh8 15.
h3 Bh5 16. Be3 Bg6 17. Nd2 Nf6 18. Bb6 Qd7 19. Bb3 d5 20. exd5 Nxd5 21. Nc4 Qb5
22. Ba2 Nxb6 23. axb6 f6 24. Rfe1 Bf7 25. Ne3 Qxe2 26. Rxe2 Bxa2 27. Rxa2 Rfd8
28. c4 Rd4 29. Nd5 Bf8 30. b3 Kg8 31. Rad2 Rd8 32. Nxf6+ 1-0

[Event "?"]
[Site "?"]
[Date "2011.06.04"]
[Round "7.30"]
[White "Gentner, Markus"]
[Black "Kaplunov, Vadym"]
[Result "0-1"]
[WhiteElo "2023"]
[BlackElo "1961"]
[PlyCount "78"]
[EventDate "2011.??.??"]
[WhiteTeam "SC Murrhardt 1948 e.V."]
[BlackTeam "Stuttgarter SF 1879"]

1. Nf3 d5 2. d4 c6 3. e3 Nf6 4. Bd3 g6 5. c4 Bg7 6. Nc3 Nbd7 7. Qb3 e6 8. O-O
O-O 9. e4 dxe4 10. Nxe4 Nxe4 11. Bxe4 Qb6 12. Be3 Qa5 13. Rfd1 Nf6 14. Bd3 Bd7
15. Ne5 Rfc8 16. Be2 Be8 17. Bf3 Nd7 18. Nd3 Nf6 19. a4 Qc7 20. Bf4 Qe7 21. Re1
Rd8 22. d5 Nh5 23. Bxh5 gxh5 24. d6 Rxd6 25. Bxd6 Qxd6 26. Rad1 Qc7 27. Nc5 b6
28. Ne4 c5 29. Qd3 Qf4 30. b3 Bc6 31. g3 Qf5 32. f3 h4 33. Kg2 Bd4 34. Rf1 Rd8
35. Qe2 Kh8 36. Rd3 Rg8 37. Nd6 Qg6 38. b4 e5 39. Nb5 e4 0-1

[Event "?"]
[Site "?"]
[Date "2011.06.04"]
[Round "7.31"]
[White "Nabavi, Parwis"]
[Black "Stierle, Martin"]
[Result "1-0"]
[WhiteElo "2226"]
[BlackElo "1977"]
[PlyCount "77"]
[EventDate "2011.??.??"]
[BlackTeam "SG Donautal Tuttlingen"]

1. d4 Nf6 2. c4 c5 3. d5 b5 4. cxb5 a6 5. bxa6 g6 6. Nc3 Bxa6 7. g3 d6 8. Bg2
Bg7 9. Nf3 Nbd7 10. O-O Nb6 11. Re1 O-O 12. Nh4 Qb8 13. Qc2 Ra7 14. Rd1 Ng4 15.
h3 Ne5 16. b3 Rb7 17. Rb1 Na8 18. a3 Nc7 19. Nf3 Nd7 20. Bd2 Rc8 21. Be1 Nb5
22. Nxb5 Rxb5 23. Nd2 Rc7 24. a4 Rb6 25. Nc4 Bxc4 26. bxc4 Rcb7 27. Rb5 Rxb5
28. cxb5 Ra7 29. Bf1 e6 30. dxe6 fxe6 31. e4 Bd4 32. Qb3 d5 33. exd5 Nb6 34. a5
Nxd5 35. b6 Rf7 36. Bg2 Nc3 37. Rd3 Qe5 38. Bxc3 Bxc3 39. Qxc3 1-0

[Event "?"]
[Site "?"]
[Date "2011.06.04"]
[Round "7.32"]
[White "Schaffert, Walter"]
[Black "Melzner, Lukas"]
[Result "0-1"]
[WhiteElo "1944"]
[BlackElo "2183"]
[PlyCount "124"]
[EventDate "2011.??.??"]
[WhiteTeam "SG Ludwigsburg 1919"]
[BlackTeam "SK Klosterlechfeld"]

1. e4 e6 2. d4 d5 3. e5 c5 4. c3 Qb6 5. Nf3 Nc6 6. a3 c4 7. Nbd2 f6 8. exf6
Nxf6 9. b3 cxb3 10. Nxb3 Bd6 11. c4 Qc7 12. c5 Bf4 13. Bxf4 Qxf4 14. Qd2 Qg4
15. Qg5 Qxg5 16. Nxg5 e5 17. dxe5 Nxe5 18. f4 Nc4 19. Nd4 O-O 20. Bxc4 dxc4 21.
O-O Nd5 22. Nge6 Bxe6 23. Nxe6 Rf6 24. Rae1 Re8 25. f5 g6 26. g4 h5 27. Re5 Nc7
28. Rfe1 Nxe6 29. fxe6 hxg4 30. R5e4 c3 31. R4e3 Rf3 32. Rxf3 gxf3 33. Kf2 c2
34. Rc1 Rxe6 35. Rxc2 Rc6 36. Kxf3 b6 37. Ke4 bxc5 38. Kd5 Ra6 39. Rc3 Ra5 40.
Kc4 Kf7 41. Kd5 Kf6 42. Rf3+ Ke7 43. Rg3 g5 44. Rf3 Kd7 45. Rf7+ Ke8 46. Rf3
Ke7 47. Re3+ Kf6 48. Rf3+ Kg6 49. Kc4 Kh5 50. Rg3 Kh4 51. Kd5 g4 52. Kc4 a6 53.
Kd5 Rb5 54. Rg2 Rb3 55. Ra2 Rc3 56. a4 c4 57. Kc5 Rc1 58. Kb6 c3 59. Kxa6 c2
60. Rb2 Kh3 61. a5 Kxh2 62. Rb7 Rf1 0-1

[Event "?"]
[Site "?"]
[Date "2011.06.04"]
[Round "7.33"]
[White "Hoeschele, Hans-Ulrich"]
[Black "Schäfer, Daniela"]
[Result "1-0"]
[WhiteElo "2146"]
[BlackElo "1946"]
[PlyCount "117"]
[EventDate "2011.??.??"]
[WhiteTeam "Stuttgarter SF 1879"]
[BlackTeam "SF Deizisau"]

1. e4 d6 2. d4 Nf6 3. f3 e5 4. Be3 Nbd7 5. Bc4 Be7 6. Ne2 c6 7. Bb3 b5 8. c3
O-O 9. O-O Nb6 10. Nd2 a5 11. a4 bxa4 12. Bxa4 Nxa4 13. Qxa4 Qc7 14. c4 Rb8 15.
b3 Bd8 16. Rfd1 Nd7 17. dxe5 Nxe5 18. Nf1 f5 19. c5 dxc5 20. Bxc5 Be7 21. Qxa5
Bxc5+ 22. Qxc5 Rb5 23. Qd4 fxe4 24. f4 Ng4 25. Ra7 Rb7 26. Rxb7 Qxb7 27. b4 Re8
28. h3 Nf6 29. Ne3 Be6 30. f5 Bf7 31. Nc3 Bb3 32. Rb1 Bf7 33. b5 cxb5 34. Rxb5
Qe7 35. Qb4 Qxb4 36. Rxb4 g6 37. Kf2 gxf5 38. Nxf5 Bg6 39. Ne3 Rd8 40. Rb2 Kf7
41. Ne2 Rf8 42. Nf4 Nh5 43. Nxh5 Bxh5 44. Kg3 Bg6 45. Rf2+ Kg7 46. Rxf8 Kxf8
47. Kf4 Kf7 48. Ke5 Ke7 49. g4 h5 50. g5 Kf7 51. Nd5 Bh7 52. Kf4 Ke6 53. Nf6
Bf5 54. h4 Bg6 55. Nxe4 Bh7 56. Nd2 Bg6 57. Nf3 Bh7 58. Nd4+ Kd6 59. Nf5+ 1-0

[Event "?"]
[Site "?"]
[Date "2011.06.04"]
[Round "7.34"]
[White "Bodrozic, Tomislav"]
[Black "Giricz, Thomas"]
[Result "1-0"]
[WhiteElo "2104"]
[BlackElo "1840"]
[PlyCount "81"]
[EventDate "2011.??.??"]
[WhiteTeam "SF Birkenfeld"]
[BlackTeam "VfL Sindelfingen"]

1. e4 e6 2. d3 c5 3. Nf3 d6 4. g3 Nc6 5. Bg2 Nf6 6. O-O Be7 7. c3 O-O 8. Re1
Rb8 9. d4 e5 10. h3 b5 11. Nbd2 Qb6 12. d5 Na5 13. Qc2 c4 14. b4 cxb3 15. axb3
Nb7 16. b4 Bd7 17. Nb3 Rfc8 18. Be3 Qc7 19. Rec1 Ra8 20. Rxa7 Rxa7 21. Bxa7 Nc5
22. bxc5 dxc5 23. Bxc5 Bxc5 24. Nxc5 Qxc5 25. Nxe5 Be8 26. Nd3 Qc4 27. Nb4 Nd7
28. Bf1 Qc5 29. Qd2 Nb6 30. Qe3 Qxe3 31. fxe3 Na4 32. c4 f6 33. Kf2 bxc4 34.
Rxc4 Rxc4 35. Bxc4 Nc5 36. Kf3 Nd7 37. Nd3 Ne5+ 38. Nxe5 fxe5 39. d6+ Kf8 40.
Be6 Bc6 41. Kg4 1-0

[Event "?"]
[Site "?"]
[Date "2011.06.04"]
[Round "7.35"]
[White "Stitterich, Nadine"]
[Black "Altimira, Jordi"]
[Result "1-0"]
[WhiteElo "2015"]
[BlackElo "1805"]
[PlyCount "75"]
[EventDate "2011.??.??"]
[WhiteTeam "SV Stuttgart-Wolfbusch 1956 e.V."]
[BlackTeam "SV Rottweil"]

1. e4 e5 2. Nf3 Nc6 3. Bb5 a6 4. Ba4 Nf6 5. O-O Be7 6. Re1 b5 7. Bb3 O-O 8. c3
d6 9. h3 Na5 10. Bc2 c5 11. d4 Nc6 12. d5 Nb8 13. a4 Qa5 14. Nbd2 c4 15. Nf1
Nbd7 16. Be3 Rb8 17. axb5 Qxb5 18. Ra2 Nc5 19. N1d2 Nd3 20. Bxd3 cxd3 21. c4
Qb4 22. Bg5 Kh8 23. Qb1 Re8 24. Qxd3 Nh5 25. Bxe7 Nf4 26. Qc2 Rxe7 27. b3 Qc5
28. Kf1 Ra7 29. Rea1 Rb6 30. Ra5 Qc7 31. c5 Rb5 32. Rxb5 axb5 33. Rxa7 Qxa7 34.
cxd6 Qa1+ 35. Ne1 Ba6 36. b4 h6 37. d7 Qa4 38. d8=Q+ 1-0

[Event "?"]
[Site "?"]
[Date "2011.06.04"]
[Round "7.36"]
[White "Boyard, Marie"]
[Black "Sieweck, Philipp"]
[Result "0-1"]
[WhiteElo "1989"]
[BlackElo "1938"]
[PlyCount "82"]
[EventDate "2011.??.??"]
[BlackTeam "SV Rottweil"]

1. e4 c6 2. Nc3 d5 3. Nf3 dxe4 4. Nxe4 Bg4 5. Bc4 e6 6. h3 Bh5 7. Ng3 Bxf3 8.
Qxf3 Nf6 9. O-O Bd6 10. d3 Nbd7 11. Bb3 Qc7 12. a4 a5 13. Re1 O-O 14. c3 Ne5
15. Qe2 Ng6 16. Nf1 Rfe8 17. Nd2 Nd5 18. Nc4 Bf4 19. Ne3 h6 20. Bc2 e5 21. Qf3
Rad8 22. g3 Nxe3 23. Bxe3 Bxe3 24. Rxe3 Qd7 25. Kh2 Rf8 26. Rae1 f5 27. Qh5 Qd6
28. d4 e4 29. f4 Ne7 30. Bb3+ Kh7 31. Qe2 c5 32. Rd1 Qb6 33. Bc2 cxd4 34. cxd4
Rxd4 35. Rxd4 Qxd4 36. Bxe4 Nd5 37. Bxd5 Qxd5 38. Rd3 Qc6 39. b3 Re8 40. Qd2
Re4 41. Qc3 Re2+ 0-1

[Event "?"]
[Site "?"]
[Date "2011.06.04"]
[Round "7.37"]
[White "Feller, Florian"]
[Black "Enders, Philipp"]
[Result "1/2-1/2"]
[WhiteElo "1986"]
[BlackElo "1794"]
[PlyCount "32"]
[EventDate "2011.??.??"]
[WhiteTeam "SGem Vaihingen-Rohr"]
[BlackTeam "SV Hockenheim"]

1. e4 c5 2. Nf3 a6 3. d4 cxd4 4. Nxd4 Nf6 5. Nc3 e5 6. Nb3 Bb4 7. Bd3 Bxc3+ 8.
bxc3 Qc7 9. O-O d6 10. f4 Nbd7 11. f5 b6 12. Qe2 Bb7 13. c4 Nc5 14. Nd2 Bc6 15.
Rb1 Qb7 16. Re1 Rb8 1/2-1/2